| 000 | 01461nam a2200361 a 4500 | ||
|---|---|---|---|
| 001 | 000015917 | ||
| 003 | DO-SdBNP | ||
| 005 | 20170925102752.0 | ||
| 007 | 000015917 | ||
| 008 | 100222s2009 dr ad 001 0 spa d | ||
| 040 |
_aBPMSU _bspa _cBPMSU |
||
| 082 | 4 |
_a305.42 _bD812m |
|
| 100 | 1 | _aDuarte, Isis | |
| 245 | 1 | 0 |
_aMujer y política en la República Dominicana : _bconsensos y disensos entre las líderes y la ciudadanía / _cIsis Duarte, Julia Hasbún ; con la colaboracion de Lalito R. Vargas. |
| 260 | 0 |
_aSanto Domingo : _bSecretaría de Estado de la Mujer, _c2009. |
|
| 300 |
_a235 p. : _bil., gráfcs. ; _c26 cm. |
||
| 500 | _aIncluye referencias bibliográficas y notas al pie de las páginas. | ||
| 650 | 4 | _aMUJERES EN REPÚBLICA DOMINICANA | |
| 650 | 4 | _aMUJERES EN EL DESARROLLO SOCIAL | |
| 650 | 4 | _aMUJERES EN LA POLÍTICA | |
| 650 | 4 |
_aMUJERES _xPARTICIPACIÓN POLÍTICA _xINVESTIGACIONES |
|
| 700 | 1 | 2 | _aHasbún, Julia |
| 700 | 1 | 2 |
_aVargas, Lalito R. _ecol. |
| 710 | 1 |
_aRepública Dominicana. _bSecretaría de Estado de la Mujer. _bEscuela de Capacitación Política |
|
| 910 | _aValidado. Control de calidad EMS | ||
| 930 | 1 |
_lBND01 _mLF1 _h305.42 _820100222 _f01 _pHD _g10556 |
|
| 942 |
_2ddc _cBK |
||
| 945 | _aInventariado, 2017/MFF | ||
| 956 |
_aNMORDAN _b10 _c20100224 _lBND01 _h1028 |
||
| 956 |
_aDGARCIA _b10 _c20100225 _lBND01 _h0914 |
||
| 956 |
_aEMARRERO _b40 _c20140425 _lBND01 _h2336 |
||
| 956 |
_aVMATEO _b10 _c20150826 _lBPMSU _h00151 |
||
| 999 |
_c8237 _d8237 |
||